[Event "Ann Arbor Month Long Swiss"]
[Site "Ann Arbor, MI"]
[Date "1997.05.21"]
[Round "3.3"]
[White "Drysdale, Gilbert"]
[Black "Thurman, John"]
[Result "1-0"]
[WhiteElo "1885"]
[BlackElo "1687"]
[PlyCount "67"]
[EventDate "1997.05.07"]

1. c4 e5 2. Nc3 Nf6 3. Nf3 Nc6 4. g3 d5 5. cxd5 Nxd5 6. Bg2 Be6 7. O-O Be7 8.
a3 O-O 9. Qc2 f5 10. d3 f4 11. Ne4 Bf5 12. b4 a6 13. Nc5 Bxc5 14. Qxc5 Qd6 15.
Qxd6 cxd6 16. Nxe5 Nc3 17. Nxc6 Nxe2+ 18. Kh1 bxc6 19. Bxc6 Ra7 20. Bb2 fxg3
21. Bd5+ Kh8 22. fxg3 Raf7 23. Bxf7 Bxd3 24. Kg2 Rc8 25. Be6 Re8 26. Rf7 h5 27.
Rxg7 Rxe6 28. Re7+ Kg8 29. Rxe6 d5 30. Re7 Be4+ 31. Kf2 Bd3 32. Rxe2 Bxe2 33.
Kxe2 Kf7 34. Rc1 1-0

[Event "Ann Arbor Month Long Swiss"]
[Site "Ann Arbor, MI"]
[Date "1997.05.21"]
[Round "3.7"]
[White "Cooper, Stephen"]
[Black "Dolin, Jack"]
[Result "0-1"]
[WhiteElo "1281"]
[BlackElo "1339"]
[PlyCount "78"]
[EventDate "1997.05.07"]

1. d4 d5 2. c4 e6 3. Nc3 Nf6 4. Bg5 h6 5. Bd2 Bd6 6. c5 Be7 7. e3 b6 8. b4 O-O
9. Nf3 Re8 10. Bd3 Bb7 11. O-O Nbd7 12. Bb5 c6 13. Ba4 Qc7 14. Bc1 e5 15. h3 e4
16. Nh2 Nf8 17. Ne2 Bc8 18. Nf4 g5 19. Nh5 Ng6 20. Nxf6+ Bxf6 21. Ng4 Bg7 22.
a3 f5 23. Nh2 bxc5 24. bxc5 Rb8 25. Re1 Re6 26. Re2 Nh4 27. g3 Rg6 28. Rb2 g4
29. hxg4 Nf3+ 30. Nxf3 exf3 31. Rxb8 Qxb8 32. Bxc6 Be6 33. Qxf3 fxg4 34. Qg2
Qb3 35. Qf1 Bf5 36. Qb5 Qd1+ 37. Qf1 Qxf1+ 38. Kxf1 Rxc6 39. Rb1 Bxb1 0-1

[Event "U.S. Amateur North"]
[Site "Detroit, MI"]
[Date "1997.05.24"]
[Round "1.26"]
[White "Zarzycki, Katherine"]
[Black "Gentry, Bronson"]
[Result "0-1"]
[WhiteElo "843"]
[BlackElo "1686"]
[PlyCount "74"]
[EventDate "1997.05.24"]

1. e4 e6 2. Nf3 g5 3. d4 g4 4. Ne5 h5 5. Bc4 Nh6 6. O-O b6 7. h3 Bb7 8. Re1 Qh4
9. hxg4 hxg4 10. Bxh6 Rxh6 11. Kf1 Qh1+ 12. Ke2 Qxg2 13. Kd2 Bxe4 14. Nxg4 Rg6
15. Ne5 Qxf2+ 16. Re2 Qxd4+ 17. Kc1 Bh6+ 18. Rd2 Qxc4 19. Nxc4 Nc6 20. Nc3
Bxd2+ 21. Nxd2 Bf5 22. Nb5 O-O-O 23. a4 Rg2 24. Ra3 Rdg8 25. b4 a6 26. Nc3 Nxb4
27. a5 Nxc2 28. Rb3 Rg1 29. Nf1 Ne3 30. Qd4 Rxf1+ 31. Kd2 Nc2 32. Qc4 Rg2+ 33.
Ne2 Rff2 34. Qxa6+ Kd8 35. axb6 Rxe2+ 36. Kc3 Rg3+ 37. Kc4 Re4+ 0-1

[Event "U.S. Amateur North"]
[Site "Detroit, MI"]
[Date "1997.05.24"]
[Round "2.28"]
[White "Zarzycki, Amanda"]
[Black "King, Billy"]
[Result "0-1"]
[WhiteElo "851"]
[BlackElo "1325"]
[PlyCount "52"]
[EventDate "1997.05.24"]

1. e4 c5 2. Bc4 e6 3. d3 Nc6 4. Nf3 d6 5. Nc3 g6 6. Be3 Bg7 7. Qd2 Nge7 8.
O-O-O a6 9. d4 cxd4 10. Nxd4 Qc7 11. Rhe1 O-O 12. f3 Nxd4 13. Bxd4 Qxc4 14.
Bxg7 Kxg7 15. Qxd6 Nc6 16. e5 Rd8 17. Qa3 Rxd1+ 18. Nxd1 b5 19. Re4 Qf1 20. Qe3
Bb7 21. b3 Rd8 22. Qg5 Rxd1+ 23. Kb2 Rb1+ 24. Kc3 Qd1 25. Rh4 b4+ 26. Kc4 Qxc2#
0-1

[Event "U.S. Amateur North"]
[Site "Detroit, MI"]
[Date "1997.05.24"]
[Round "2.38"]
[White "Yeager, John"]
[Black "Hooker, Larry"]
[Result "0-1"]
[WhiteElo "494"]
[BlackElo "1067"]
[PlyCount "78"]
[EventDate "1997.05.24"]

1. f4 d5 2. d4 Nc6 3. e3 Bf5 4. Nc3 Nf6 5. Bd2 Nb4 6. Bd3 Bxd3 7. cxd3 Nxd3+ 8.
Ke2 Nxb2 9. Qf1 e6 10. a3 Nc4 11. Nh3 Ne4 12. Nxe4 dxe4 13. g4 c5 14. f5 cxd4
15. fxe6 fxe6 16. Qf2 dxe3 17. Bxe3 Qd3+ 18. Ke1 Qxe3+ 19. Qxe3 Nxe3 20. Ke2
Nxg4 21. Raf1 Bxa3 22. Ng5 Rf8 23. Nxe6 Rxf1 24. Nc7+ Kd7 25. Rxf1 Kxc7 26.
Rf7+ Kd6 27. h3 Nf6 28. Rxg7 Rg8 29. Rxb7 Bc5 30. h4 e3 31. h5 Rg2+ 32. Ke1 e2
33. Rb3 Bf2+ 34. Kd2 e1=Q+ 35. Kd3 Rg3+ 36. Kc4 Qe4+ 37. Kb5 Rg5+ 38. Ka6 Qc6+
39. Rb6 Qxb6# 0-1

[Event "U.S. Amateur North"]
[Site "Detroit, MI"]
[Date "1997.05.24"]
[Round "1.17"]
[White "Wisckol, Richard"]
[Black "Bhagwat, Samuel"]
[Result "1-0"]
[WhiteElo "1882"]
[BlackElo "992"]
[PlyCount "63"]
[EventDate "1997.05.24"]

1. c4 e5 2. Nc3 Nf6 3. g3 Nc6 4. Bg2 Bc5 5. e3 d5 6. cxd5 Ne7 7. e4 O-O 8. Nf3
Nxe4 9. Nxe4 Bb4 10. a3 Ba5 11. O-O Nxd5 12. Nxe5 Bf5 13. Nc4 Bxe4 14. Bxe4 Bb6
15. Nxb6 axb6 16. Qf3 Nf6 17. Bxb7 Ra7 18. Bc6 Qd6 19. d3 Ra5 20. Bd2 Rc5 21.
Bb4 Qxc6 22. Qxc6 Rxc6 23. Bxf8 Kxf8 24. Rac1 Rxc1 25. Rxc1 c5 26. Kg2 Ke7 27.
Kf3 Ke6 28. Re1+ Kf5 29. Re7 Kg6 30. Rb7 Nd5 31. h3 f6 32. Ke4 1-0

[Event "U.S. Amateur North"]
[Site "Detroit, MI"]
[Date "1997.05.24"]
[Round "1.11"]
[White "Williams, Ron"]
[Black "Smalec, Joseph"]
[Result "1-0"]
[WhiteElo "1918"]
[BlackElo "1121"]
[PlyCount "59"]
[EventDate "1997.05.24"]

1. e4 c5 2. Nf3 d6 3. g3 Nf6 4. d3 Nc6 5. c3 Bg4 6. h3 Bxf3 7. Qxf3 e5 8. Bg2
Be7 9. O-O O-O 10. Nd2 b5 11. Re1 a5 12. Nf1 Qd7 13. Ne3 b4 14. Nf5 Nd8 15. h4
Ne6 16. Bh3 Rfe8 17. Kh2 d5 18. g4 Qc6 19. h5 dxe4 20. dxe4 Bd8 21. g5 Nd7 22.
Rg1 Nf4 23. Bf1 Re6 24. Bc4 Re8 25. Bxf4 exf4 26. Bd5 Ne5 27. Qh3 Qc8 28. g6
hxg6 29. hxg6 Ra6 30. Qh7+ 1-0

[Event "U.S. Amateur North"]
[Site "Detroit, MI"]
[Date "1997.05.24"]
[Round "2.34"]
[White "Wallace, Kyle"]
[Black "Kyser, Bob"]
[Result "0-1"]
[WhiteElo "696"]
[BlackElo "1182"]
[PlyCount "72"]
[EventDate "1997.05.24"]

1. e4 e6 2. Nf3 Nf6 3. e5 Ng4 4. d4 d5 5. Ng5 Nh6 6. Bb5+ Nc6 7. O-O Be7 8. Qd2
Bxg5 9. Qxg5 Qxg5 10. Bxg5 O-O 11. Nc3 Nxd4 12. Bd3 c5 13. b3 Ng4 14. Be7 Re8
15. Bxc5 Nc6 16. Nb5 Rd8 17. Bd6 Ngxe5 18. Be2 Bd7 19. Nc7 Rac8 20. Nb5 Be8 21.
Nc3 Rxd6 22. Nb5 Rd7 23. Rad1 a6 24. Nc3 Ne7 25. Bd3 Rxc3 26. Rd2 Nxd3 27. cxd3
Rdc7 28. g3 Bb5 29. Re1 Bxd3 30. Re5 Be4 31. h4 g6 32. Kh2 h5 33. Rd4 Rc2 34.
g4 Rxf2+ 35. Kh3 Rc3+ 36. Rd3 Rxd3# 0-1

[Event "U.S. Amateur North"]
[Site "Detroit, MI"]
[Date "1997.05.24"]
[Round "1.14"]
[White "Valdivia, Alex"]
[Black "Townsend, Paul"]
[Result "0-1"]
[WhiteElo "1007"]
[BlackElo "1923"]
[PlyCount "84"]
[EventDate "1997.05.24"]

1. e4 e6 2. d4 b6 3. Bd3 Bb7 4. Nc3 Bb4 5. Nge2 Nf6 6. Bd2 c5 7. a3 Bxc3 8.
Nxc3 cxd4 9. Nb5 d6 10. Bg5 e5 11. f3 a6 12. Nxd4 exd4 13. Qd2 Nc6 14. c3 dxc3
15. Qxc3 Rc8 16. Qb3 O-O 17. O-O b5 18. Qd1 h6 19. Bf4 Ne5 20. Rc1 Qb6+ 21. Kh1
Qd4 22. Be2 Qxb2 23. Qxd6 Qxe2 24. Qxe5 Rc2 25. Rg1 Bxe4 26. Rce1 Qc4 27. fxe4
Ng4 28. Qxg7+ Kxg7 29. Bg3 Nf2+ 30. Bxf2 Rxf2 31. Re3 Rd8 32. Rg3+ Kf8 33. h4
Qxe4 34. Kh2 Qxh4+ 35. Rh3 Qf4+ 36. Rg3 Rd5 37. Rc1 Qh4+ 38. Rh3 Qf4+ 39. Kg1
Rxg2+ 40. Kxg2 Rd2+ 41. Kg1 Qf2+ 42. Kh1 Qg2# 0-1

[Event "U.S. Amateur North"]
[Site "Detroit, MI"]
[Date "1997.05.24"]
[Round "3.22"]
[White "Valdivia, Alex"]
[Black "Grzegorczyk, Ron"]
[Result "0-1"]
[WhiteElo "1007"]
[BlackElo "1642"]
[PlyCount "110"]
[EventDate "1997.05.24"]

1. e4 c5 2. b4 e5 3. Bc4 Nf6 4. d3 Nc6 5. Nf3 cxb4 6. a3 bxa3 7. O-O h6 8. Nxa3
d6 9. h3 Be6 10. Rb1 b6 11. Bb5 Bd7 12. c3 a6 13. Bc4 b5 14. Ba2 Be7 15. Nc2
O-O 16. Ne3 Qc8 17. Nh4 Nxe4 18. dxe4 Bxh4 19. f4 Be7 20. f5 Kh8 21. Qh5 Be8
22. Rb2 f6 23. Qf3 Bf7 24. Nd5 Bd8 25. g4 Ne7 26. h4 Nxd5 27. Bxd5 Bxd5 28.
exd5 Bb6+ 29. Kh2 Qe8 30. g5 fxg5 31. hxg5 g6 32. f6 h5 33. Be3 Bxe3 34. Qxe3
Rf7 35. Qe4 Kh7 36. Kg3 Rc8 37. Qf3 e4 38. Qe3 Qe5+ 39. Kg2 Rxc3 40. Qf2 Qxg5+
41. Kh1 Rh3+ 42. Qh2 Rxh2+ 43. Rxh2 Qxd5 44. Rg1 Rxf6 45. Rhg2 e3 46. Kh2 Qe5+
47. Kh3 Rf3+ 48. Rg3 Rxg3+ 49. Rxg3 e2 50. Rf3 e1=Q 51. Rf2 Q1e3+ 52. Kg2 Q5g5+
53. Kh1 Qe1+ 54. Kh2 Qeg1+ 55. Kh3 Q1g3# 0-1

[Event "U.S. Amateur North"]
[Site "Detroit, MI"]
[Date "1997.05.24"]
[Round "2.14"]
[White "Townsend, Paul"]
[Black "Reid, Ricky"]
[Result "1-0"]
[WhiteElo "1923"]
[BlackElo "1581"]
[PlyCount "129"]
[EventDate "1997.05.24"]

1. e4 d6 2. d4 b6 3. Nf3 Bb7 4. Nc3 Nd7 5. Bc4 e5 6. O-O Be7 7. Re1 Ngf6 8. h3
O-O 9. a4 a5 10. Bg5 h6 11. Bxf6 Bxf6 12. Nd5 exd4 13. Nxf6+ Qxf6 14. Qxd4 c5
15. Qxf6 Nxf6 16. e5 dxe5 17. Nxe5 Rad8 18. Rad1 Bd5 19. Bxd5 Nxd5 20. Nc6 Rc8
21. Nxa5 Nb4 22. Nc4 Nxc2 23. Re7 Rb8 24. Rdd7 Nd4 25. Nd6 Ra8 26. b3 h5 27. g4
hxg4 28. hxg4 Rad8 29. Rxd8 Rxd8 30. Nc4 Rb8 31. Nd2 Kf8 32. Rc7 Ke8 33. Kf1
Ne6 34. Ra7 Rd8 35. Ke1 Rd7 36. Ra8+ Ke7 37. Rb8 Rd6 38. Nc4 Rc6 39. Nxb6 Nd4
40. Nc4 g6 41. Ne3 Kd7 42. Kd2 Kc7 43. Rf8 Nxb3+ 44. Kc3 Nd4 45. Rxf7+ Kd8 46.
Nc4 Ne2+ 47. Kd3 Nc1+ 48. Kc2 Na2 49. a5 Nb4+ 50. Kb3 Ke8 51. Rf3 Ke7 52. Nb6
Na6 53. Kc4 Nc7 54. Nd5+ Nxd5 55. Kxd5 Rc8 56. Rc3 Rf8 57. f3 Ra8 58. Rxc5 Kf6
59. Kc6 Rd8 60. Rd5 Re8 61. a6 Re3 62. Ra5 Rxf3 63. a7 Rc3+ 64. Kb7 Rb3+ 65.
Ka6 1-0

[Event "U.S. Amateur North"]
[Site "Detroit, MI"]
[Date "1997.05.24"]
[Round "1.32"]
[White "Thompson, Shereece"]
[Black "Grzegorczyk, Ron"]
[Result "0-1"]
[WhiteElo "693"]
[BlackElo "1642"]
[PlyCount "103"]
[EventDate "1997.05.24"]

1. e4 c5 2. Nf3 Nc6 3. Nc3 e5 4. d3 Nf6 5. Bg5 Be7 6. Be2 d6 7. Nd5 Nxd5 8.
exd5 Bxg5 9. dxc6 bxc6 10. O-O O-O 11. c3 Bf6 12. b4 cxb4 13. cxb4 e4 14. dxe4
Bxa1 15. Qxa1 Bg4 16. Re1 Bxf3 17. Bxf3 Rc8 18. Bg4 Rc7 19. e5 dxe5 20. Qb1 Qf6
21. Qb2 Re7 22. a4 Rfe8 23. b5 cxb5 24. Qxb5 Qb6 25. Qxb6 axb6 26. Rb1 Rc7 27.
h3 g6 28. Rxb6 f5 29. Be2 Rc1+ 30. Kh2 Rec8 31. g3 R1c2 32. Rb1 Rxe2 33. Kg2
Ra2 34. Rb4 Ra8 35. g4 R2xa4 36. Rxa4 Rxa4 37. gxf5 gxf5 38. Kg3 Kg7 39. h4 h5
40. f3 Kf6 41. Kf2 Rxh4 42. Kg3 Rf4 43. Kf2 h4 44. Kg2 Rc4 45. Kh3 Kg5 46. Kg2
Kf4 47. Kf2 Rc2+ 48. Ke1 Kxf3 49. Kd1 Re2 50. Kc1 h3 51. Kd1 h2 52. Kc1 0-1

[Event "U.S. Amateur North"]
[Site "Detroit, MI"]
[Date "1997.05.24"]
[Round "3.35"]
[White "Thompson, Shereece"]
[Black "Bhagwat, Samuel"]
[Result "0-1"]
[WhiteElo "693"]
[BlackElo "992"]
[PlyCount "44"]
[EventDate "1997.05.24"]

1. e4 e5 2. Nf3 Nf6 3. Nc3 Nc6 4. Bc4 Bc5 5. d3 Ng4 6. O-O d6 7. Bg5 Nf6 8. Bh4
Bg4 9. a3 Nd4 10. b4 Nxf3+ 11. Kh1 Nxh4 12. Ne2 Bd4 13. c3 Bxc3 14. Rc1 Bd4 15.
Ba2 d5 16. Qe1 Bb2 17. Rc2 Bxa3 18. Qc3 Bxe2 19. Rxe2 Bxb4 20. Qxb4 dxe4 21.
dxe4 Qd3 22. Re3 Qxf1# 0-1

[Event "U.S. Amateur North"]
[Site "Detroit, MI"]
[Date "1997.05.24"]
[Round "1.19"]
[White "Steen, Harold"]
[Black "Shukla, Ravi"]
[Result "0-1"]
[WhiteElo "1783"]
[BlackElo "945"]
[PlyCount "90"]
[EventDate "1997.05.24"]

1. c4 e5 2. g3 Nf6 3. Bg2 Bc5 4. Nc3 Nc6 5. d3 d6 6. e3 Ng4 7. Nge2 Qf6 8. O-O
Qh6 9. h3 Nf6 10. h4 O-O 11. a3 a5 12. e4 Qg6 13. Nd5 Nxd5 14. cxd5 Nd4 15.
Nxd4 Bxd4 16. Kh2 f5 17. f4 Qf6 18. fxe5 Bxe5 19. Bg5 Qg6 20. Rf3 fxe4 21.
Rxf8+ Kxf8 22. Bxe4 Qe8 23. Qe2 Qd7 24. Rf1+ Kg8 25. Bf5 Qa4 26. Be6+ Bxe6 27.
dxe6 h6 28. Bxh6 Qxh4+ 29. Kg2 Qxg3+ 30. Kh1 Qh3+ 31. Kg1 Bd4+ 32. Rf2 Qg3+ 33.
Kf1 Qh3+ 34. Ke1 Bxf2+ 35. Qxf2 Qxe6+ 36. Be3 Re8 37. Ke2 Qg4+ 38. Kd2 Rf8 39.
Qe1 Qg2+ 40. Kc3 Qc6+ 41. Kd2 Qg2+ 42. Kc3 b5 43. Bd4 b4+ 44. axb4 axb4+ 45.
Kxb4 Rb8+ 0-1

[Event "U.S. Amateur North"]
[Site "Detroit, MI"]
[Date "1997.05.24"]
[Round "3.16"]
[White "Steen, Harold"]
[Black "Evans Jr., Thomas"]
[Result "1-0"]
[WhiteElo "1783"]
[BlackElo "1299"]
[PlyCount "77"]
[EventDate "1997.05.24"]

1. c4 d6 2. d4 e6 3. e4 d5 4. cxd5 exd5 5. e5 Be6 6. Nc3 c5 7. Nf3 Nc6 8. Bb5
Nge7 9. dxc5 g6 10. O-O Bg7 11. Re1 O-O 12. a3 d4 13. Na2 Qd5 14. b4 Bxe5 15.
Nxe5 Nxe5 16. Bf4 Nc4 17. Nc1 Nf5 18. Nd3 Nh4 19. f3 Nf5 20. Ne5 Nfe3 21. Bxc4
Nxc4 22. Nxc4 Qxc4 23. Re4 Rad8 24. Bd6 Rfe8 25. Rxd4 Qb5 26. Rc1 Qa6 27. a4
Qc6 28. b5 Qc8 29. a5 Bd7 30. b6 a6 31. Bc7 Ba4 32. Qxa4 Qe6 33. Re4 Qd5 34.
Bxd8 Rxe4 35. fxe4 Qxd8 36. c6 bxc6 37. Qxc6 Qd2 38. b7 Kg7 39. Qc3+ 1-0

[Event "U.S. Amateur North"]
[Site "Detroit, MI"]
[Date "1997.05.24"]
[Round "3.42"]
[White "Spindleman, Brian"]
[Black "Goerke, Daniel"]
[Result "0-1"]
[WhiteElo "851"]
[BlackElo "1152"]
[PlyCount "44"]
[EventDate "1997.05.24"]

1. c4 e5 2. Nc3 Nf6 3. e4 Bb4 4. d4 Nxe4 5. Nf3 Nxc3 6. Qb3 Nxa2+ 7. Bd2 Qe7 8.
Qxa2 Bxd2+ 9. Nxd2 Nc6 10. d5 Nd4 11. Bd3 c6 12. Ne4 cxd5 13. cxd5 d6 14. h3
Bf5 15. Rc1 Bxe4 16. Bxe4 O-O 17. O-O Ne2+ 18. Kh1 Nxc1 19. Rxc1 Rac8 20. Rd1
Qh4 21. Kh2 Qxe4 22. f3 Qf4+ {Remainder illegible, 31?} 0-1

[Event "U.S. Amateur North"]
[Site "Detroit, MI"]
[Date "1997.05.24"]
[Round "2.45"]
[White "Spindleman, Brian"]
[Black "Davis, Terry"]
[Result "0-1"]
[WhiteElo "851"]
[BlackElo "921"]
[PlyCount "116"]
[EventDate "1997.05.24"]

1. e4 c5 2. Nf3 d6 3. d4 cxd4 4. Bb5+ Nc6 5. Nxd4 Bd7 6. Nc3 Nf6 7. Be3 a6 8.
Nxc6 Bxc6 9. Bc4 Bxe4 10. Nxe4 Nxe4 11. Qf3 Nf6 12. Rd1 b5 13. Bd5 Rc8 14. Bc6+
Nd7 15. Bd5 Ne5 16. Qf4 e6 17. Be4 g6 18. Qg5 Qxg5 19. Bxg5 d5 20. Bf4 Bg7 21.
Bxe5 Bxe5 22. Bf3 Rxc2 23. Rd2 Rxd2 24. Kxd2 Bxb2 25. Rb1 Be5 26. Rc1 O-O 27.
g3 Rd8 28. Rc6 Ra8 29. Be2 Bd4 30. f4 Bg1 31. Rc1 Ra7 32. Rc8+ Kg7 33. Ke1 Bxh2
34. Kf2 Kf6 35. Kg2 Bxg3 36. Kxg3 e5 37. fxe5+ Kxe5 38. Re8+ Kf6 39. Kf4 Re7
40. Rxe7 Kxe7 41. Ke5 h5 42. Kxd5 h4 43. Bg4 Kf6 44. Kc6 Ke5 45. Kb6 Kd4 46.
Kxa6 Kc4 47. a3 b4 48. a4 b3 49. Be2+ Kc3 50. a5 b2 51. Kb6 b1=Q+ 52. Kc6 Qe4+
53. Kb5 Qxe2+ 54. Kb6 Qb2+ 55. Kc5 Qb4+ 56. Kd5 Qxa5+ 57. Ke4 Qf5+ 58. Ke3 Qd3+
0-1

[Event "U.S. Amateur North"]
[Site "Detroit, MI"]
[Date "1997.05.24"]
[Round "1.28"]
[White "Spencer, Tyrone"]
[Black "Marinelli, Philip"]
[Result "0-1"]
[WhiteElo "809"]
[BlackElo "1680"]
[PlyCount "64"]
[EventDate "1997.05.24"]

1. e4 g6 2. Nf3 Bg7 3. Nc3 d6 4. Be2 c6 5. O-O e5 6. d4 Nd7 7. dxe5 dxe5 8. Bg5
Qc7 9. Qd3 Nh6 10. Na4 O-O 11. Qc3 Kh8 12. Nc5 Nxc5 13. Qxc5 f6 14. Bxh6 Bxh6
15. Rfd1 Be6 16. Rd3 b6 17. Qd6 Qf7 18. Qxc6 Rac8 19. Qa4 Rc4 20. Qb3 Rxe4 21.
Qa3 Rxe2 22. c3 e4 23. Rd4 exf3 24. gxf3 Re8 25. Qb4 Bd5 26. Qb5 Bxf3 27. Rd7
Re1+ 28. Rxe1 Rxe1+ 29. Qf1 Rxf1+ 30. Kxf1 Qxd7 31. Ke1 Qd2+ 32. Kf1 Qd1# 0-1

[Event "U.S. Amateur North"]
[Site "Detroit, MI"]
[Date "1997.05.24"]
[Round "2.18"]
[White "Sparks, Frazier"]
[Black "King, Kenny"]
[Result "0-1"]
[WhiteElo "1861"]
[BlackElo "1476"]
[PlyCount "120"]
[EventDate "1997.05.24"]

1. e4 e6 2. d4 d5 3. Nd2 Nf6 4. e5 Nfd7 5. Ngf3 c5 6. c3 b6 7. Be2 Ba6 8. O-O
Bxe2 9. Qxe2 Nc6 10. Nb3 c4 11. Bg5 Be7 12. Bxe7 Qxe7 13. Nbd2 b5 14. Ne1 b4
15. f4 O-O 16. Rf3 Rab8 17. Rh3 f5 18. Ndf3 bxc3 19. bxc3 Nb6 20. Ng5 h6 21.
Qh5 Qe8 22. Qh4 hxg5 23. Qxg5 Qe7 24. Qg6 Qe8 25. Qh7+ Kf7 26. Nf3 Rg8 27. Ng5+
Ke7 28. Rh6 Nd8 29. Rb1 Nd7 30. Rxb8 Nxb8 31. Rg6 Qf8 32. Qh4 Kd7 33. Nf3 Nbc6
34. Qe1 Ne7 35. Rg3 Ndc6 36. Qc1 Qb8 37. h3 Qc7 38. Qa3 Nd8 39. Ne1 Qb6 40. Kh2
Nb7 41. Nf3 Qa5 42. Qb2 Qb6 43. Qa3 Ke8 44. Qa4+ Kd8 45. Ng5 Rf8 46. a3 Kc8 47.
Rf3 a6 48. Rf1 Nd8 49. Nh7 Rh8 50. Ng5 Qb5 51. Qxb5 axb5 52. Rb1 Kc7 53. Rxb5
Kd7 54. a4 Rf8 55. Rb6 Nec6 56. Rb5 Re8 57. a5 Na7 58. Rb1 Kc7 59. a6 g6 60.
Kg3 Re7 0-1

[Event "U.S. Amateur North"]
[Site "Detroit, MI"]
[Date "1997.05.24"]
[Round "2.19"]
[White "Solon, Nathan"]
[Black "Nixon, Peter"]
[Result "1-0"]
[WhiteElo "1769"]
[BlackElo "1477"]
[PlyCount "55"]
[EventDate "1997.05.24"]

1. e4 c5 2. Nf3 Nc6 3. d4 cxd4 4. Nxd4 e6 5. Nb5 d6 6. c4 a6 7. N5c3 Nf6 8. Be2
Be7 9. O-O O-O 10. Be3 b6 11. f3 Qc7 12. Qb3 Nd7 13. Na3 Rd8 14. Qd1 Bb7 15.
Qd2 Nf6 16. Na4 Nd7 17. Rfd1 Nc5 18. Nc3 Nb4 19. Ncb5 axb5 20. Nxb5 Qc6 21.
Qxb4 d5 22. exd5 exd5 23. cxd5 Rxd5 24. Rxd5 Qxd5 25. Nc7 Qd8 26. Nxa8 Bxa8 27.
Rd1 Nd7 28. Qg4 1-0

[Event "U.S. Amateur North"]
[Site "Detroit, MI"]
[Date "1997.05.24"]
[Round "2.36"]
[White "Smith, Tyrnn"]
[Black "Owens, Rickey"]
[Result "1-0"]
[WhiteElo "588"]
[BlackElo "1122"]
[PlyCount "41"]
[EventDate "1997.05.24"]

1. e4 e5 2. Nf3 Nc6 3. Nc3 Bb4 4. Ng5 Qxg5 5. d3 Bxc3+ 6. bxc3 Qd8 7. d4 Nf6 8.
d5 Nb8 9. Ba3 Nxe4 10. Qg4 Nxc3 11. Qxg7 d6 12. Qxh8+ Kd7 13. Qxh7 Qe7 14. Qh3+
Kd8 15. Qxc3 c5 16. dxc6 bxc6 17. Qd3 Kd7 18. Rd1 Na6 19. Bxd6 Qe8 20. Bxe5+
Ke7 21. Qd6# 1-0

[Event "U.S. Amateur North"]
[Site "Detroit, MI"]
[Date "1997.05.24"]
[Round "2.37"]
[White "Smalec, Joseph"]
[Black "Maldonado, Diana"]
[Result "1/2-1/2"]
[WhiteElo "1121"]
[BlackElo "535"]
[PlyCount "95"]
[EventDate "1997.05.24"]

1. d4 d5 2. c4 dxc4 3. Nc3 e6 4. e4 Bb4 5. Bxc4 Bxc3+ 6. bxc3 a6 7. Nf3 b5 8.
Bd3 Nf6 9. Bg5 Nc6 10. e5 h6 11. exf6 hxg5 12. fxg7 Rg8 13. O-O g4 14. Ne5 Nxe5
15. dxe5 Rxg7 16. Be4 Rb8 17. Bc6+ Bd7 18. Bxd7+ Qxd7 19. Qe2 b4 20. cxb4 Rxb4
21. Qxa6 Rb6 22. Qc4 Rc6 23. Qb5 Qd5 24. Qb8+ Qd8 25. Qxd8+ Kxd8 26. Rac1 Rxc1
27. Rxc1 Rg5 28. Ra1 Rxe5 29. a4 Ra5 30. Kf1 c5 31. Ke2 e5 32. Kd3 Kd7 33. Kc4
Kd6 34. h3 f5 35. Kb3 Kd5 36. Rc1 e4 37. h4 f4 38. h5 e3 39. fxe3 fxe3 40. h6
e2 41. h7 Ra8 42. Re1 c4+ 43. Kb4 Re8 44. h8=Q Rxh8 45. Rxe2 Rh2 46. Rd2+ Ke4
47. Kxc4 Ke3 48. Rd4 1/2-1/2

[Event "U.S. Amateur North"]
[Site "Detroit, MI"]
[Date "1997.05.24"]
[Round "1.6"]
[White "Silveri, Marco"]
[Black "Evans Sr., Thomas"]
[Result "0-1"]
[WhiteElo "1251"]
[BlackElo "1968"]
[PlyCount "64"]
[EventDate "1997.05.24"]

1. c4 e5 2. Nc3 Nc6 3. Nf3 Bb4 4. Qc2 Nf6 5. a3 Bxc3 6. Qxc3 d6 7. d3 Bg4 8. g3
Bxf3 9. exf3 O-O 10. Bg2 Nd7 11. O-O Qf6 12. Re1 Nd4 13. f4 c6 14. b4 exf4 15.
Bb2 c5 16. Bxb7 Rab8 17. Be4 f3 18. Re3 Ne5 19. Rae1 Qh6 20. h4 Qe6 21. Bxf3
Ndxf3+ 22. Rxf3 Nxf3+ 23. Kg2 Nxe1+ 24. Kf1 Qh3+ 25. Kxe1 Rfe8+ 26. Kd2 f6 27.
d4 Qf1 28. Kc2 Re2+ 29. Kb3 Qd1+ 30. Ka2 cxd4 31. Qf3 Rxb2+ 32. Kxb2 Qxf3 0-1

[Event "U.S. Amateur North"]
[Site "Detroit, MI"]
[Date "1997.05.24"]
[Round "1.35"]
[White "Shockley, Robert"]
[Black "Yeager, John"]
[Result "1-0"]
[WhiteElo "1619"]
[BlackElo "494"]
[PlyCount "57"]
[EventDate "1997.05.24"]

1. Nf3 e6 2. b3 Be7 3. Bb2 f6 4. e4 d5 5. exd5 exd5 6. Be2 c5 7. O-O Nc6 8. Re1
Nh6 9. Bb5 Qd6 10. h3 a6 11. Bf1 Bd7 12. d4 O-O-O 13. dxc5 Qxc5 14. Ba3 Qb6 15.
Bxe7 Nxe7 16. Rxe7 f5 17. Rxg7 Qf6 18. Qd4 Qxd4 19. Nxd4 Rde8 20. Nc3 Ng8 21.
Nxd5 Ne7 22. Nxe7+ Rxe7 23. Rxe7 b5 24. f4 h5 25. Bd3 h4 26. Bxf5 Bxf5 27. Nxf5
Kd8 28. Ra7 Re8 29. Rd1+ 1-0

[Event "U.S. Amateur North"]
[Site "Detroit, MI"]
[Date "1997.05.24"]
[Round "3.11"]
[White "Shockley, Robert"]
[Black "Beider, Andrew"]
[Result "0-1"]
[WhiteElo "1619"]
[BlackElo "2105"]
[PlyCount "106"]
[EventDate "1997.05.24"]

1. Nf3 Nf6 2. b3 g6 3. Bb2 Bg7 4. e3 d6 5. Bc4 O-O 6. h3 c6 7. d4 b5 8. Bd3 a6
9. Nbd2 Nbd7 10. Rc1 Re8 11. O-O e5 12. dxe5 dxe5 13. Ne4 Nxe4 14. Bxe4 Qc7 15.
c4 f5 16. Bb1 b4 17. Rc2 Bb7 18. Rd2 Rad8 19. Ng5 h6 20. Nf3 c5 21. Nh4 Nf8 22.
Qe2 Rxd2 23. Qxd2 Rd8 24. Qe2 Qe7 25. g3 Qd6 26. e4 Qc6 27. f3 f4 28. gxf4 exf4
29. Bxg7 Kxg7 30. Qg2 Qf6 31. Qf2 Bc8 32. Kh2 Rd4 33. Ng2 g5 34. Ne1 Qd6 35.
Nd3 Ng6 36. Rd1 Ne5 37. Qf1 Kf6 38. Nf2 Nxf3+ 39. Kh1 Rxd1 40. Qxd1 Qxd1+ 41.
Nxd1 Bxh3 42. Nf2 Bf1 43. Ng4+ Kg7 44. e5 h5 45. Nf6 Nxe5 46. Nxh5+ Kf7 47. Be4
Bd3 48. Bd5+ Kg6 49. Nxf4+ gxf4 50. Kg2 Kf5 51. Kf2 Be4 52. Bg8 Nd3+ 53. Kf1
Nc1 0-1

[Event "U.S. Amateur North"]
[Site "Detroit, MI"]
[Date "1997.05.24"]
[Round "2.13"]
[White "Scioly, Tony"]
[Black "Garrison, Ray"]
[Result "0-1"]
[WhiteElo "1550"]
[BlackElo "1911"]
[PlyCount "52"]
[EventDate "1997.05.24"]

1. e4 d5 2. exd5 Qxd5 3. Nc3 Qa5 4. d4 e5 5. d5 Bb4 6. Bd2 Nf6 7. a3 Be7 8. Nb5
Qb6 9. Be3 Bc5 10. Bxc5 Qxc5 11. Nc3 Bf5 12. Nf3 Nbd7 13. Bb5 O-O-O 14. O-O h5
15. Bxd7+ Nxd7 16. Re1 f6 17. Re3 Nb6 18. b4 Qd6 19. Nh4 Bh7 20. Qf3 Nxd5 21.
Rd1 c6 22. Nxd5 cxd5 23. Rc3+ Kb8 24. Nf5 Qd7 25. Ne3 d4 26. Nc4 Qf7 0-1

[Event "U.S. Amateur North"]
[Site "Detroit, MI"]
[Date "1997.05.24"]
[Round "1.25"]
[White "Schell, Ken"]
[Black "Zarzycki, Amanda"]
[Result "1-0"]
[WhiteElo "1697"]
[BlackElo "851"]
[PlyCount "69"]
[EventDate "1997.05.24"]

1. e4 e5 2. Nf3 Nc6 3. Bb5 Nf6 4. O-O Bc5 5. Bxc6 bxc6 6. Nxe5 Nxe4 7. d4 Bd6
8. Nf3 O-O 9. Re1 Nf6 10. Bg5 Ba6 11. Nbd2 h6 12. Bh4 Be7 13. c4 Re8 14. b3 Ng4
15. Bxe7 Rxe7 16. Ne4 d5 17. Nc5 Bc8 18. h3 Qd6 19. Rxe7 Qxe7 20. hxg4 Bxg4 21.
Qe1 Qf6 22. Qe5 Qg6 23. Qf4 Rd8 24. Ne5 Qf5 25. Qxg4 Qc2 26. Qf3 Rf8 27. Ncd7
f6 28. Nxf8 Kxf8 29. Nxc6 Qb2 30. Re1 Qxa2 31. Re7 Qa3 32. Qxd5 Qc1+ 33. Kh2
Qf4+ 34. Kh3 g5 35. Qf7# 1-0

[Event "U.S. Amateur North"]
[Site "Detroit, MI"]
[Date "1997.05.24"]
[Round "3.18"]
[White "Schell, Ken"]
[Black "Rucker, Ed"]
[Result "1-0"]
[WhiteElo "1697"]
[BlackElo "1214"]
[PlyCount "63"]
[EventDate "1997.05.24"]

1. e4 e5 2. Nf3 Nc6 3. Bb5 d6 4. d4 Bd7 5. O-O Nf6 6. Nc3 Be7 7. d5 Nb8 8. a4
a6 9. Be2 c6 10. a5 O-O 11. Be3 Qc8 12. Na4 Bd8 13. Nc3 cxd5 14. exd5 Bg4 15.
h3 Bxf3 16. Bxf3 Re8 17. Qd2 e4 18. Be2 Nbd7 19. f3 Nc5 20. Qd4 exf3 21. gxf3
Qxh3 22. Rf2 Re5 23. Bf4 Rh5 24. Rh2 Qd7 25. b4 Rxh2 26. Bxh2 Qf5 27. bxc5 dxc5
28. Qd3 Qg5+ 29. Kf2 Be7 30. Rg1 Qh4+ 31. Bg3 Qb4 32. Ne4 1-0